[Event "IECG WC.2005.P.00005 email"]
[Site "IECG email"]
[Date "2002.01.29"]
[Round "?"]
[White "Bongiovanni, Claudio"]
[Black "Bunyan, Henry"]
[Result "1/2-1/2"]
[WhiteElo "1573"]
[BlackElo "2097"]
[PlyCount "65"]
[EventDate "2002.01.29"]
[EventType "tourn (corr)"]
[EventRounds "11"]
[SourceTitle "Corr 2008"]
[Source "ChessBase"]
[SourceDate "2008.06.24"]
[SourceVersion "1"]
[SourceVersionDate "2008.06.24"]
[SourceQuality "1"]

1. e4 e5 2. Nf3 Nc6 3. Bb5 a6 4. Ba4 Nf6 5. 0-0 Be7 6. Re1 b5 7. Bb3 0-0 8. c3 d5 9. exd5 Nxd5 10. Nxe5 Nxe5 11. Rxe5 c6 12. Re1 Bd6 13. d4 Qh4 14. g3 Qh3 15. Re4 g5 16. Qf3 Bf5 17. Bxd5 cxd5 18. Re3 Be4 19. Rxe4 dxe4 20. Qf6 Qg4 21. Qxg5+ Qxg5 22. Bxg5 f5 23. Nd2 Kf7 24. h4 Kg6 25. a4 Rg8 26. Kg2 Bc7 27. b3 h6 28. Be3 f4 29. gxf4 Kf5+ 30. Kh3 Bxf4 31. Re1 Rae8 32. Nf1 Re6 33. Ng3+ 1/2-1/2

[Event "IECG WC.2005.P.00005 email"]
[Site "IECG email"]
[Date "2002.01.29"]
[Round "?"]
[White "Bunyan, Henry"]
[Black "Fredriksen, Arild"]
[Result "1/2-1/2"]
[WhiteElo "2097"]
[BlackElo "2175"]
[PlyCount "46"]
[EventDate "2002.01.29"]
[EventType "tourn (corr)"]
[EventRounds "11"]
[SourceTitle "Corr 2008"]
[Source "ChessBase"]
[SourceDate "2008.06.24"]
[SourceVersion "1"]
[SourceVersionDate "2008.06.24"]
[SourceQuality "1"]

1. e4 c5 2. Nf3 Nc6 3. Bb5 e6 4. 0-0 Nge7 5. c3 d5 6. exd5 Qxd5 7. d4 cxd4 8. c4 Qd6 9. Qxd4 Qxd4 10. Nxd4 Bd7 11. Nxc6 Nxc6 12. Rd1 a6 13. Ba4 Ne5 14. Bxd7+ Nxd7 15. Be3 Be7 16. Nc3 Rc8 17. Na4 Bf6 18. Rac1 Rd8 19. b3 Be7 20. Rd3 b5 21. cxb5 axb5 22. Nc3 b4 23. Nb5 0-0 1/2-1/2

[Event "IECG WC.2005.P.00005 email"]
[Site "IECG email"]
[Date "2002.01.29"]
[Round "?"]
[White "Haug, Ulrich"]
[Black "Bunyan, Henry"]
[Result "1/2-1/2"]
[WhiteElo "1870"]
[BlackElo "2097"]
[PlyCount "51"]
[EventDate "2002.01.29"]
[EventType "tourn (corr)"]
[EventRounds "11"]
[SourceTitle "Corr 2008"]
[Source "ChessBase"]
[SourceDate "2008.06.24"]
[SourceVersion "1"]
[SourceVersionDate "2008.06.24"]
[SourceQuality "1"]

1. d4 d5 2. c4 e6 3. Nc3 Nf6 4. Bg5 Be7 5. e3 0-0 6. Nf3 h6 7. Bh4 b6 8. Bd3 Nbd7 9. cxd5 exd5 10. 0-0 Bb7 11. Rc1 c5 12. dxc5 bxc5 13. Bf5 g6 14. Bxd7 Qxd7 15. Bxf6 Bxf6 16. Ne4 Bxb2 17. Nxc5 Qe7 18. Rb1 Qxc5 19. Rxb2 Ba6 20. Re1 Rac8 21. Nd4 Rfe8 22. h3 Rb8 23. Qd2 Qd6 24. Reb1 Rxb2 25. Rxb2 Rc8 26. Rb4 1/2-1/2

[Event "IECG WC.2005.P.00005 email"]
[Site "IECG email"]
[Date "2002.01.29"]
[Round "?"]
[White "Krutov, Slava"]
[Black "Bunyan, Henry"]
[Result "1/2-1/2"]
[WhiteElo "2000"]
[BlackElo "2097"]
[PlyCount "78"]
[EventDate "2002.01.29"]
[EventType "tourn (corr)"]
[EventRounds "11"]
[SourceTitle "Corr 2008"]
[Source "ChessBase"]
[SourceDate "2008.06.24"]
[SourceVersion "1"]
[SourceVersionDate "2008.06.24"]
[SourceQuality "1"]

1. d4 d5 2. c4 e6 3. Nc3 Nf6 4. Bg5 Be7 5. e3 h6 6. Bh4 0-0 7. Nf3 b6 8. cxd5 Nxd5 9. Bxe7 Qxe7 10. Nxd5 exd5 11. Be2 Be6 12. 0-0 c5 13. dxc5 bxc5 14. Qa4 Nd7 15. Rac1 Rfb8 16. Qa3 Qf6 17. b3 a5 18. Ne1 a4 19. bxa4 c4 20. e4 Nb6 21. exd5 Bxd5 22. a5 Qe5 23. Bf3 Bxf3 24. Nxf3 Qxa5 25. Qxa5 Rxa5 26. Rc2 Rc5 27. Nd2 c3 28. Nb3 Rc4 29. Rd1 g5 30. Kf1 Na4 31. Rd4 Rbb4 32. Rxc4 Rxc4 33. a3 f5 34. Ke2 Nb2 35. Nc1 Kf7 36. h3 Re4+ 37. Kf1 Na4 38. Na2 Re8 39. Rc1 Rc8 1/2-1/2

[Event "IECG WC.2005.P.00005 email"]
[Site "IECG email"]
[Date "2002.01.29"]
[Round "?"]
[White "Liew, Chee Meng"]
[Black "Bunyan, Henry"]
[Result "0-1"]
[WhiteElo "1960"]
[BlackElo "2097"]
[PlyCount "106"]
[EventDate "2002.01.29"]
[EventType "tourn (corr)"]
[EventRounds "11"]
[SourceTitle "Corr 2008"]
[Source "ChessBase"]
[SourceDate "2008.06.24"]
[SourceVersion "1"]
[SourceVersionDate "2008.06.24"]
[SourceQuality "1"]

1. e4 e5 2. Nf3 Nc6 3. Bb5 a6 4. Bxc6 dxc6 5. 0-0 Bg4 6. h3 h5 7. d3 Qf6 8. Nbd2 Ne7 9. Re1 Ng6 10. d4 Bd6 11. hxg4 hxg4 12. Nh2 Rxh2 13. Qxg4 Qh4 14. Qxh4 Rxh4 15. Nf3 Rh5 16. Be3 Ke7 17. g3 Rah8 18. Kg2 exd4 19. Bxd4 f6 20. Rh1 c5 21. Rxh5 Rxh5 22. Be3 Ne5 23. Nxe5 Rxe5 24. f3 c4 25. Bd4 Rg5 26. g4 Bf4 27. Rd1 Ke6 28. a4 Ra5 29. b3 cxb3 30. cxb3 Rg5 31. Kf2 b5 32. Be3 Bxe3+ 33. Kxe3 Rc5 34. Rd8 Rc3+ 35. Kf2 Rxb3 36. axb5 axb5 37. Re8+ Kd6 38. Rd8+ Ke5 39. Rd5+ Ke6 40. Rc5 Kd6 41. Rd5+ Kc6 42. g5 Rb2+ 43. Ke3 Rg2 44. gxf6 gxf6 45. Rf5 Rg6 46. Kd4 Kb6 47. e5 fxe5+ 48. Kxe5 c5 49. f4 c4 50. Rf8 c3 51. Rb8+ Kc5 52. f5 Rb6 53. Rc8+ Rc6 0-1

[Event "IECG CP.2000.Q.00008"]
[Site "IECG email"]
[Date "2001.10.01"]
[Round "?"]
[White "Coclet, Olivier"]
[Black "Bunyan, Henry"]
[Result "1/2-1/2"]
[WhiteElo "2210"]
[BlackElo "2103"]
[PlyCount "58"]
[EventDate "2001.10.01"]
[EventType "tourn (corr)"]
[EventRounds "6"]
[SourceTitle "Corr 2008"]
[Source "ChessBase"]
[SourceDate "2008.06.24"]
[SourceVersion "1"]
[SourceVersionDate "2008.06.24"]
[SourceQuality "1"]

1. e4 e5 2. Nf3 Nc6 3. d4 exd4 4. Nxd4 Bc5 5. Nxc6 Qf6 6. Qf3 Qxc6 7. Nc3 Bd4 8. Nd5 Nf6 9. c3 Be5 10. Qe3 b6 11. Bd3 Bb7 12. f4 Bd6 13. Qe2 a6 14. 0-0 0-0-0 15. Nxf6 gxf6 16. Be3 Rde8 17. Rf2 h5 18. Rd1 Kb8 19. Qc2 h4 20. b4 h3 21. a4 b5 22. axb5 axb5 23. Ra1 hxg2 24. Rxg2 Rh3 25. Rg3 Rxg3+ 26. hxg3 Rg8 27. Kf2 Rh8 28. Kg1 Rg8 29. Kf2 Rh8 1/2-1/2

[Event "IECG CP.1999.S.00006"]
[Site "IECG email"]
[Date "2001.10.01"]
[Round "?"]
[White "Prochazka, Dalibor"]
[Black "Bunyan, Henry"]
[Result "0-1"]
[WhiteElo "2253"]
[BlackElo "2103"]
[PlyCount "66"]
[EventDate "2001.10.01"]
[EventType "tourn (corr)"]
[EventRounds "6"]
[SourceTitle "Corr 2008"]
[Source "ChessBase"]
[SourceDate "2008.06.24"]
[SourceVersion "1"]
[SourceVersionDate "2008.06.24"]
[SourceQuality "1"]

1. e4 e5 2. f4 exf4 3. Nf3 d6 4. d4 g5 5. h4 g4 6. Ng1 Bh6 7. Ne2 Qf6 8. Nbc3 c6 9. g3 fxg3 10. Nxg3 Bxc1 11. Rxc1 Ne7 12. Qd2 h5 13. Bc4 Be6 14. Bxe6 Qxe6 15. 0-0 Nd7 16. Nce2 0-0-0 17. c4 c5 18. b4 Ng6 19. bxc5 dxc5 20. d5 Nde5 21. Qe3 Qa6 22. Nf5 Kb8 23. Nf4 Nf3+ 24. Kh1 Qf6 25. Ng2 Qe5 26. Rxf3 gxf3 27. Qxf3 Qb2 28. Re1 Ne5 29. Qb3 Qf2 30. Rb1 b6 31. a4 Rhg8 32. Qb2 Rxg2 33. Qxe5+ Kb7 0-1

[Event "IECG CP.2000.Q.00008"]
[Site "IECG email"]
[Date "2001.10.01"]
[Round "?"]
[White "Rizzo, Giovambattista"]
[Black "Bunyan, Henry"]
[Result "0-1"]
[WhiteElo "1960"]
[BlackElo "2103"]
[PlyCount "60"]
[EventDate "2001.10.01"]
[EventType "tourn (corr)"]
[EventRounds "6"]
[SourceTitle "Corr 2008"]
[Source "ChessBase"]
[SourceDate "2008.06.24"]
[SourceVersion "1"]
[SourceVersionDate "2008.06.24"]
[SourceQuality "1"]

1. d4 Nf6 2. c4 e6 3. g3 d5 4. Bg2 Be7 5. Nf3 0-0 6. 0-0 dxc4 7. Na3 Bxa3 8. bxa3 Bd7 9. Ne5 Bc6 10. Nxc6 Nxc6 11. Bb2 Nd5 12. Rb1 Qd6 13. Qc2 b5 14. e4 Nb6 15. e5 Qd7 16. Be4 g6 17. Rfd1 Rad8 18. Qe2 a6 19. Qf3 Nd5 20. Bc1 f5 21. Bc2 f4 22. g4 Nc3 23. Qxc3 Nxd4 24. Re1 Qe7 25. f3 h5 26. gxh5 Qh4 27. Bb2 Qh3 28. Be4 Rf5 29. Kh1 Rxh5 30. Qd2 Nf5 0-1

[Event "IECG CM.2001.0.00146"]
[Site "IECG email"]
[Date "2001.06.19"]
[Round "?"]
[White "Bunyan, Henry"]
[Black "Likhachev, Evgeny Alexandrovic"]
[Result "1-0"]
[WhiteElo "2042"]
[BlackElo "2200"]
[PlyCount "87"]
[EventDate "2001.06.19"]
[EventType "tourn (corr)"]
[EventRounds "6"]
[SourceTitle "Corr 2008"]
[Source "ChessBase"]
[SourceDate "2008.06.24"]
[SourceVersion "1"]
[SourceVersionDate "2008.06.24"]
[SourceQuality "1"]

1. d4 Nf6 2. c4 e6 3. Nf3 b6 4. a3 Ba6 5. Qc2 d5 6. cxd5 exd5 7. g3 Bd6 8. Bg5 0-0 9. Nc3 c6 10. Bh3 h6 11. Bxf6 Qxf6 12. 0-0 Re8 13. Rfe1 Bb7 14. Bg4 Na6 15. e4 dxe4 16. Nxe4 Qg6 17. Nh4 Qxg4 18. Nxd6 Qd7 19. Nxe8 Rxe8 20. Qf5 Re6 21. Rxe6 fxe6 22. Qe5 Nc7 23. Ng6 Kf7 24. Qh5 Kg8 25. Ne5 Qe7 26. Rc1 Nb5 27. Rd1 Nd6 28. b4 Qf8 29. Rc1 Nb5 30. Nxc6 Bxc6 31. Rxc6 Nxd4 32. Rc7 a6 33. Ra7 e5 34. Rxa6 Qf6 35. Ra7 Kh7 36. Qf7 Qg5 37. h4 Qg4 38. Qd7 Nf3+ 39. Kf1 Qc4+ 40. Kg2 Ne1+ 41. Kh2 Nf3+ 42. Kh3 Qf1+ 43. Kg4 Nh2+ 44. Kh5 1-0